000 02006nam a2200265Ia 4500
999 _c42523
_d42523
001 9220
003 GE_BSU
005 20240610124815.0
008 181216s2014||||ge |||||||||||||| ||geo||
020 _a97899414078
040 _cGE_BSU
041 _ageo
080 _a28(479.223)+321(479.223) ბ-25
100 _aბარამიძე, რუსლან
_922378
245 _aსაქართველოს მუსლიმი თემი და სახელმწიფო პოლიტიკა (1991-2012 წლები) = The muslim community of Geoargia and state politics(years 1991-2012) /
_cრუსლან ბარამიძე ; რედაქტორები : ლავრენტი ჯანიაშვილი, ზაზა შაშიკაძე ; ბათუმის შოთა რუსთაველის სახელმწ. უნ-ტი, ნიკო ბერძენიშვილის ინ-ტი, ჰუმანიტარულ მეცნიერებათა ფაკ-ტის ქართველოლოგიის ცენტრი.
264 _aბათუმი :
_bჰოროსი XXI,
_c2014.
300 _a244 გვ. ;
_c20 სმ.
500 _aთავფურცელი ქართულ და ინგლისურ ენებზე
504 _aბიბლიოგრ. ტექსტის შენიშვნებში
653 _aსაქართველოს მუსლიმი თემი და სახელმწიფო პოლიტიკა (1991-2012 წლები)
653 _aისლამი საქართველოში
700 _aჯანიაშვილი, ლავრენტი
_eრედაქტორი
_917610
700 _aშაშიკაძე, ზაზა
_e რედაქტორი
_922379
942 _cBK
_2udc